| 000 | 00436 a2200169 4500 | ||
|---|---|---|---|
| 003 | IT-RoPau | ||
| 005 | 20220918175943.0 | ||
| 008 | 130301b xxu||||| |||| 00| 0 eng d | ||
| 040 | _cIT-RoPau | ||
| 100 |
_aFamiglia Paolina _998 |
||
| 245 |
_aSan Paolo 1992 _bBollettino ufficiale interno SSP |
||
| 250 | _a1° ed. | ||
| 260 |
_aRoma _bCasa Generalizia SSP _c1992 |
||
| 300 | _c21 cm | ||
| 500 | _aSettembre 1992. | ||
| 942 |
_2ddc _cCR |
||
| 999 |
_c38161 _d38161 |
||